1133 1966 1904 1410 1814 1946 1321 1914 1287 1089 1452 1219 1267 1061 1434 1982 1926 1649 1264 1431 1824 1050 1392 1258 1518 1903 1505 1430 1897 1654 1975 1897 1582 1730 1605 1924 1537 1574 1939 1608 1180 1427 1632 1458 1349 1859 1747 1224 1301 1174 1115 1335 1073 1581 1742 1468 1699 1608 1753 1860 1176 1425 1473 1251 1604 1680 1525 1371 1925 1610 1140 1588 1974 1170 1261 1827 1748 1361 1902 1996 1038 1225 1690 1162 1549 1280 1850 1529 1064 1549 1730 1764 1628 1700 1737 1035 1370 1340 1859 BCNSPRNW ULIB Ver.6.0+V

เปลี่ยนเป็นภาษาไทย

Change to English
 แสดงรายละเอียดบรรณานุกรม
  กลับหน้าหลัก

Brief Record : Get Marc (ISO 2709) : E-mail record : QR code < ปิดหน้าต่าง
LEADER : 00000nam 2200000uu 4500
001    13399122381
003     ULIB
008    130306s||||||||th 000 0 tha d
020    9789741004775
090    นว.พ912ม
100 0  เพ็ญศิ้ริ
245 00 มนตร์มาร^cเพ็ญศิริ
260    ^c2551
945    ^p0^l0^i024463
999    ^aกมลทิพย์ ธนสารสุธี
รายการนี้ยังไม่มีแท็ก
คุณยังไม่ได้ล็อกอิน คุณสามารถมีกิจกรรมร่วมกับเว็บไซต์ได้ แต่ต้องล็อกอินก่อน ::
  ล็อกอิน

รายการสื่อสารสนเทศ

ลำดับที่ ประเภท เลขเรียก/บาร์โค้ด สถานที่ สถานะ
1. นวนิยาย
นวนิยาย
นว.พ912ม  
  Barcode: 024463
ห้องสมุดวิทยาเขตสวรรค์ประชารักษ์
►นวนิยาย
บนชั้น
  ขอยืม

BibComment


ยังไม่เคยถูกคอมเมนท์

คอมเมนท์ทรัพยากรรายการนี้
  คอมเมนท์: มนตร์มาร เพ็ญศิริ


 Copyright 2026. Bcnsprnw @Library